Beberapa data kwantitatif tentang penduduk wanita Indonesia. (Record no. 88759)

MARC details
000 -LEADER
fixed length control field 00808cam a22002291 4500
001 - CONTROL NUMBER
control field sa 68018993
003 - CONTROL NUMBER IDENTIFIER
control field DLC
005 - DATE AND TIME OF LATEST TRANSACTION
control field 20260227112716.0
008 - FIXED-LENGTH DATA ELEMENTS--GENERAL INFORMATION
fixed length control field 720619s1965 xx 000 0 ind
010 ## - LIBRARY OF CONGRESS CONTROL NUMBER
LC control number sa 68018993
035 ## - SYSTEM CONTROL NUMBER
System control number (OCoLC)336319
040 ## - CATALOGING SOURCE
Original cataloging agency DLC
Transcribing agency OAU
Modifying agency DLC
042 ## - AUTHENTICATION CODE
Authentication code premarc
050 00 - LIBRARY OF CONGRESS CALL NUMBER
Classification number HQ1752
Item number .N53
100 1# - MAIN ENTRY--PERSONAL NAME
Personal name Nitisastro, Widjojo.
245 10 - TITLE STATEMENT
Title Beberapa data kwantitatif tentang penduduk wanita Indonesia.
260 ## - PUBLICATION, DISTRIBUTION, ETC.
Place of publication, distribution, etc. [Djakarta]
Name of publisher, distributor, etc. Departemen Urusan Research Nasional
Date of publication, distribution, etc. [1965]
300 ## - PHYSICAL DESCRIPTION
Extent ii, 55 l.
Dimensions 27 cm.
500 ## - GENERAL NOTE
General note "Disusun untuk para peserta Lembaga Pertahanan Nasional guna keperluan Seminar 'Masalah Kekuatan Sosial dan Peranan Wanita dalam Mentjapai Tri Kerangka Tudjuan Revolusi.'"
650 #0 - SUBJECT ADDED ENTRY--TOPICAL TERM
Topical term or geographic name entry element Women
Geographic subdivision Indonesia.
651 #0 - SUBJECT ADDED ENTRY--GEOGRAPHIC NAME
Geographic name Indonesia
General subdivision Social conditions.

No items available.

Powered by Koha